Deutschland - Allgemeinwissen #2 - Statistiken

Allgemein
  • Dieses Quiz wurde 10.908 mal gespielt
    10.717 seit der letzten Aktualisierung
  • Das Durchschnittsergebnis liegt bei 10 aus 20
Antwortstatistiken
Hinweis Antwort % Korrekt
Fußballverein mit den meisten Meistertiteln der Männer Bayern München
88%
Größte Insel Deutschlands Rügen
77%
Wer hat den Buchdruck erfunden? Johannes Gutenberg
73%
Welcher Fluss liegt an der Grenze zu Polen? Oder/Neisse
69%
Berühmtes Hamburgisches Gebäude an der Elbe Elbphilharmonie
66%
Berühmter ehemaliger Grenzübergang in Berlin Checkpoint Charlie
64%
Handballverein, der die meisten Titel bei den Männern geholt hat THW Kiel
62%
Am 22.12.2001 wurde ein militärischer Einsatz in dieses Land beschlossen Afghanistan
57%
Wer schrieb das Gedicht "An die Freude"? Friedrich Schiller
57%
Wie nennt man das Wappentier Deutschlands? Bundesadler
51%
In welcher Stadt liegt Schloss Sanssouci? Potsdam
50%
Welcher Filmmusikkomponist hat im Jahre 2022 einen Oscar gewonnen? Hans Zimmer
48%
In welcher Stadt beginnt/endet die längste Autobahn Deutschlands? Flensburg/Füssen
40%
In welcher Stadt liegt das „Dreiflüsseeck“? Passau
38%
Wo starb dieser Dichter? Weimar
37%
In welcher Stadt liegt der größte Binnenhafen Europas? Duisburg
36%
In welchem Jahr wurde der erste deutsche „Nationalstaat“ gegründet? 1871
32%
Am Ende welches Flusses liegt dieser? Ruhr
30%
Berühmtes Haus, welches das Heilige Römische Reich eine zeitlang regierte Habsburg
26%
Hauptsitz dieser Firma befindet sich am „High Tech Kampus Essen“ Thyssenkrupp
25%
Keine übereinstimmenden Quizze gefunden
Verteilung der Resultate
Anzahl Personen mit jedem Resultat
Perzentil nach korrekt beantworteten Fragen
Ihre Resultats-Entwicklung
Sie haben dieses Quiz seit der letzten Aktualisierung nicht gespielt